Größte Städte Kaliforniens - Statistiken

Allgemein
  • Dieses Quiz wurde 1.398 mal gespielt
  • Das Durchschnittsergebnis liegt bei 8 aus 20
Antwortstatistiken
Bevölkerung Stadt % Korrekt
3,971,883 Los Angeles
100%
864,816 San Francisco
96%
1,394,928 San Diego
85%
490,712 Sacramento
80%
1,026,908 San Jose
66%
520,052 Fresno
45%
419,267 Oakland
44%
474,140 Long Beach
37%
350,742 Anaheim
36%
373,640 Bakersfield
32%
216,108 San Bernardino
27%
322,424 Riverside
21%
335,400 Santa Ana
20%
305,658 Stockton
20%
256,927 Irvine
16%
211,266 Modesto
16%
265,757 Chula Vista
14%
232,206 Fremont
14%
207,254 Oxnard
12%
207,460 Fontana
7%
Keine übereinstimmenden Quizze gefunden
Verteilung der Resultate
Anzahl Personen mit jedem Resultat
Perzentil nach korrekt beantworteten Fragen
Ihre Resultats-Entwicklung
Sie haben dieses Quiz noch nicht gespielt